000 00797nam a22002297a 4500
003 OSt
005 20240514015930.0
008 230526b |||||||| |||| 00| 0 eng d
020 _a9789719656531
040 _aDWCL-Main Lib
_cOC
082 _aFil 371.9 C987f 2020
_bc1
100 _aCustodio, Zhanina U.
_94
245 _aFoundations of special and inclusive education/
_cby Zhanina U. Custodio and Jenina N. Nalipay
250 _aFirst edition
260 _aQuezon City, Philippines:
_bAdriana Publishing,
_cc2021
300 _axii, 278 pages:
_bcolor illustration;
_c25cm.
500 _aIncludes bibliographical references, glossary and index.
650 0 _aSpecial education.
_95
650 0 _aInclusive education.
_96
700 _aNalipay, Jenina N.
942 _2ddc
_cBK - FIL
_eFirst edition
999 _c11
_d11